Les espaces économiques
Guardat en:
| Autor principal: | |
|---|---|
| Format: | Llibre |
| Idioma: | francès |
| Publicat: |
París, Francia
Presses Universitaires de France
1961
|
| Col·lecció: | Que Sais-Je le point des Connaissances Actualles.
950 |
| Matèries: | |
| Etiquetes: |
Afegir etiqueta
Sense etiquetes, Sigues el primer a etiquetar aquest registre!
|
MARC
| LEADER | 00000nam a2200000 a 4500 | ||
|---|---|---|---|
| 001 | UCH1078 | ||
| 003 | CL-VaPUC | ||
| 005 | 20210430001750.0 | ||
| 008 | 090409e19610000FR |||||||||||||||||fre|d | ||
| 999 | |c 333158 |d 333156 | ||
| 040 | |c Pontificia Universidad Católica de Valparaíso | ||
| 082 | 0 | 4 | |a 338.9 BOU 1961 |2 21 |
| 100 | |a Boudeville, Jacques R |9 358761 | ||
| 245 | 1 | 4 | |a Les espaces économiques |
| 260 | 0 | 3 | |a París, Francia |b Presses Universitaires de France |c 1961 |
| 300 | |a 127 páginas | ||
| 490 | 0 | |a Que Sais-Je le point des Connaissances Actualles. |v 950 | |
| 583 | |a last modification |c 20090409 00:00:00 |k Rodrigo Vera | ||
| 650 | 0 | |a Desarrollo económico |9 259599 | |
| 650 | 0 | |a Economía |9 255568 | |
| 650 | 0 | |a Macroeconomía |9 260301 | |
| 942 | |c BK |2 ddc | ||
| 945 | |d 20090409 00:00:00 |a rbrito | ||
| 952 | |0 0 |1 0 |2 ddc |4 0 |6 338_900000000000000_BOU_1961 |7 0 |8 P |9 421361 |a BIBDER |b BIBDER |d 2019-11-22 |i 4533747 |o 338.9 BOU 1961 |p 4533747 |r 2023-01-25 |t 1 |w 2019-11-22 |y BK |k DER | ||